| 000 | 00609nam a22002177a 4500 | ||
|---|---|---|---|
| 003 | KOHA_MİRAKIL | ||
| 005 | 20260406115628.0 | ||
| 008 | 260406b tu ||||| |||| 00| 0 tur d | ||
| 020 | _a9786259842707 | ||
| 040 |
_aTR-AnABB _btur _cTR-AnABB |
||
| 041 | _atur | ||
| 082 |
_a818.42 _b KON 2024 |
||
| 100 | 1 | _aKonukman, Zehra | |
| 245 | 1 | 0 |
_aBabamın tenekeleri / _cZehra Konukman |
| 260 |
_aAnkara : _bGurur yayınları, _c2024 |
||
| 300 |
_a126 sayfa ; _c20 cm |
||
| 500 | _aYazar imzalı | ||
| 650 | 0 | 4 | _aTürk edebiyatı, anılar |
| 900 | _bCan ÇELIK | ||
| 942 |
_2ddc _cBK |
||
| 999 |
_c10168 _d10168 |
||